Štatistické metódy v sociálno-ekonomickom výskume - teória a aplikácie
Informácia o konaní vedeckého seminára Štatistické metódy v sociálno-ekonomickom výskume - teória a aplikácie v dňoch 10. až 13. októbra 2017.
Na minha lista:
| Autor principal: | |
|---|---|
| Formato: | Capítulo de Livro |
| Idioma: | eslovaco |
| Assuntos: | |
| Tags: |
Sem tags, seja o primeiro a adicionar uma tag!
|
MARC
| LEADER | 00000naa a2200000 4500 | ||
|---|---|---|---|
| 001 | 0238846 | ||
| 005 | 20240502073851.0 | ||
| 041 | 0 | |a slo | |
| 044 | |a SK | ||
| 245 | 1 | 0 | |a Štatistické metódy v sociálno-ekonomickom výskume - teória a aplikácie |c Mária Vojtková |
| 520 | |a Informácia o konaní vedeckého seminára Štatistické metódy v sociálno-ekonomickom výskume - teória a aplikácie v dňoch 10. až 13. októbra 2017. | ||
| 610 | 2 | 0 | |a metódy štatistické |
| 610 | 2 | 0 | |a konferencie |
| 610 | 2 | 0 | |a štatistika |
| 610 | 2 | 0 | |a teória a prax |
| 100 | 1 | |a Vojtková, Mária, 1966- | |